[Event "Despedida"]
[Site "SchemingMind.com"]
[Date "2014.03.12"]
[Round "-"]
[White "APB"]
[Black "emvarela"]
[Result "0-1"]
[WhiteCountry "ENG"]
[BlackCountry "ARG"]
[WhiteElo "1745"]
[WhiteRD "68"]
[BlackElo "1753"]
[BlackRD "48"]
[GameID "349312"]

1. e4 e5 2. Nf3 Nc6 3. Bc4 Nf6 4. d4 exd4 5. Ng5 Ne5 6. Qxd4 d6 7. Bf4 Nxc4 8. Qxc4 Qe7 9. Nc3 Be6 10. Nxe6 fxe6
11. O-O-O e5 12. Bg5 c6 13. f4 h6 14. Bh4 Qf7 15. Qxf7+ Kxf7 16. fxe5 dxe5 17. Rd6 Bxd6
0-1

[Event "Despedida"]
[Site "SchemingMind.com"]
[Date "2014.03.13"]
[Round "-"]
[White "emvarela"]
[Black "APB"]
[Result "0-1"]
[WhiteCountry "ARG"]
[BlackCountry "ENG"]
[WhiteElo "1753"]
[WhiteRD "48"]
[BlackElo "1745"]
[BlackRD "68"]
[GameID "349313"]

1. e4 c5 2. Nf3 g6 3. d4 cxd4 4. Nxd4 Bg7 5. Nc3 Nc6 6. Nxc6 bxc6 7. Bd2 e5 8. Bd3 Ne7 9. O-O O-O 10. a3 d5
11. exd5 cxd5 12. Bg5 Bb7 13. Bxe7 Qxe7
0-1

[Event "Despedida"]
[Site "SchemingMind.com"]
[Date "2014.03.13"]
[Round "-"]
[White "fouche"]
[Black "emvarela"]
[Result "1/2-1/2"]
[WhiteCountry "COL"]
[BlackCountry "ARG"]
[WhiteElo "1625"]
[WhiteRD "61"]
[BlackElo "1766"]
[BlackRD "50"]
[GameID "349314"]

1. e4 e5 2. f4 exf4 3. Bc4 Qh4+ 4. Kf1 Bc5 5. d4 Bb6 6. Nf3 Qh5 7. Bxf4 d6 8. Nbd2 Bg4 9. c3 Bxf3 10. Nxf3 Nf6
11. e5 dxe5 12. Nxe5 Qxd1+ 13. Rxd1 O-O 14. Kf2 Nbd7 15. Rhe1 Nxe5 16. Bxe5 Ng4+ 17. Kg1 Nxe5 18. Rxe5 Rfe8 19. Rde1 Rxe5 20. Rxe5 Kf8
21. Kf1 Re8 22. Rf5 f6 23. g4 c6 24. g5 Bd8 25. gxf6 Bxf6 26. h4 Re4 27. h5 b5 28. Bb3 Ke7 29. Kf2 Rh4 30. Kg3 Re4
31. d5 cxd5 32. Bxd5 Re5 33. Kg4 Rxf5 34. Kxf5 Kd6 35. Bb7 a5 36. h6 Be5 37. hxg7 Bxg7 38. Ba6 Kc5 39. Bb7 b4 40. cxb4+ Kxb4
41. Bd5 Bxb2 42. Kg5 Bc1+ 43. Kh5 h6=
1/2-1/2

[Event "Despedida"]
[Site "SchemingMind.com"]
[Date "2014.03.12"]
[Round "-"]
[White "emvarela"]
[Black "fouche"]
[Result "1-0"]
[WhiteCountry "ARG"]
[BlackCountry "COL"]
[WhiteElo "1766"]
[WhiteRD "50"]
[BlackElo "1625"]
[BlackRD "61"]
[GameID "349315"]

1. e4 e6 2. d4 d5 3. Nc3 dxe4 4. Nxe4 Nf6 5. Nxf6+ Qxf6 6. Nf3 Bd6 7. Be3 Nd7 8. Bd3 Qe7 9. Qd2 Nf6 10. O-O-O a5
11. h3 O-O 12. Bg5 b5 13. Ne5 b4 14. Bxf6 Qxf6 15. f4 Bb7 16. Nd7 Qe7 17. Nxf8 Qxf8 18. Rhg1 c5 19. Qe3 cxd4 20. Qxd4 Rd8
21. g3 a4 22. Qe3 b3 23. axb3 axb3 24. c3 Bc5 25. Qe2 Ra8 26. Kd2 Ra2 27. Qh5 Rxb2+ 28. Kc1 Be3+ 29. Kxb2 g6 30. Qb5 Qa8
31. Ra1 Qc8 32. Rgb1 Bd2 33. Qb4 Qc6 34. Ra7 Bc8 35. Qxb3 Qg2 36. Ka3 Qxg3 37. Qc4
1-0

[Event "Despedida"]
[Site "SchemingMind.com"]
[Date "2014.03.12"]
[Round "-"]
[White "emvarela"]
[Black "Phillip Beckett"]
[Result "1-0"]
[WhiteCountry "ARG"]
[BlackCountry "ENG"]
[WhiteElo "1766"]
[WhiteRD "50"]
[BlackElo "1560"]
[BlackRD "47"]
[GameID "349316"]

1. e4 e6 2. d4 d5 3. Nc3 Nf6 4. e5 Nfd7 5. f4 c5 6. dxc5 Bxc5 7. Qg4 g6 8. Bb5 a6 9. Bxd7+ Nxd7 10. Nge2 f5
11. Qg3 Ba7 12. Be3 Bxe3 13. Qxe3 Nb6 14. O-O-O Nc4 15. Qc5 Qe7 16. Qxe7+ Kxe7 17. Nd4 Bd7 18. b3 Nb6 19. Nce2 Rac8 20. Kb2 Bb5
21. Nxb5 axb5 22. Nd4 b4 23. Nb5 Rc6 24. Nd6 Nc8 25. Nxb7 Rb6 26. Nc5 Rb5 27. Nd3 Na7 28. Rc1 Rc8 29. a4 Rb7 30. c3 bxc3+
31. Rxc3 Rxc3 32. Kxc3 Nc6 33. Nc5 Rb8 34. Rb1 d4+ 35. Kd3 Rb4 36. Na6 Rb6 37. Nc5 Na5 38. b4 Nc6 39. b5 Na5 40. Kxd4 Nc6+
41. Ke3 Na5 42. Rd1 Nc4+ 43. Kf3 h5 44. Rd7+ Kf8 45. Rb7 Ke8 46. Rxb6 Nxb6 47. a5 Nc4 48. a6 Ke7 49. a7 Nb6 50. Na4 Na8
51. b6
1-0

[Event "Despedida"]
[Site "SchemingMind.com"]
[Date "2014.03.12"]
[Round "-"]
[White "Phillip Beckett"]
[Black "emvarela"]
[Result "0-1"]
[WhiteCountry "ENG"]
[BlackCountry "ARG"]
[WhiteElo "1562"]
[WhiteRD "48"]
[BlackElo "1753"]
[BlackRD "48"]
[GameID "349317"]

1. e4 e5 2. Nf3 Nc6 3. Bb5 a6 4. Bxc6 dxc6 5. d4 Bg4 6. dxe5 Qxd1+ 7. Kxd1 O-O-O+ 8. Ke2 Bc5 9. Be3 Bxe3 10. Kxe3 Bxf3
11. gxf3 Ne7 12. Nc3 Ng6 13. f4 Rhe8 14. Rad1 Rxd1 15. Rxd1 Rd8 16. Rxd8+ Kxd8 17. f3 Ke7 18. Ne2 c5 19. c3 b5 20. Ng3 Nh4
21. Nf5+ Nxf5+ 22. exf5 f6 23. e6 c6 24. Ke4 g6 25. fxg6 hxg6 26. f5 g5 27. f4 g4 28. Ke3 b4 29. Kf2 a5 30. Kg3 c4
31. Kxg4 c5 32. h3 a4 33. Kf3 a3 34. bxa3 b3 35. axb3 cxb3
0-1

[Event "Despedida"]
[Site "SchemingMind.com"]
[Date "2014.03.12"]
[Round "-"]
[White "emvarela"]
[Black "Scooter"]
[Result "1-0"]
[WhiteCountry "ARG"]
[BlackCountry "USA"]
[WhiteElo "1753"]
[WhiteRD "48"]
[BlackElo "1745"]
[BlackRD "46"]
[GameID "349318"]

1. Nf3 Nf6 2. g3 g6 3. Bg2 Bg7 4. O-O O-O 5. d4 d6 6. c4 Bg4 7. Nc3 Nbd7 8. e4 e5 9. d5 Qe7 10. Bg5 h6
11. Bxf6 Nxf6 12. Qd3 Bxf3 13. Bxf3 a6 14. b3 Nd7 15. b4 c5 16. dxc6 bxc6 17. Rfd1 d5 18. cxd5 cxd5 19. Nxd5 Qd8 20. a4 Nb6
21. Nxb6 Qxb6 22. Qd6 Qb7 23. Rd5 Rfd8 24. Qc5 Rac8 25. Rxd8+ Rxd8 26. Rc1 f6 27. b5 axb5 28. Qxb5 Qxb5 29. axb5 Rb8 30. Rb1 Kf7
31. b6 Bf8 32. Be2 Bc5 33. b7 Ke7 34. Bc4 Kd6 35. Bd5 f5 36. Kg2 fxe4 37. Bxe4 g5 38. Ra1 Bb6 39. Ra8 Bc7 40. Ra6+
1-0

[Event "Despedida"]
[Site "SchemingMind.com"]
[Date "2014.03.12"]
[Round "-"]
[White "Scooter"]
[Black "emvarela"]
[Result "1-0"]
[WhiteCountry "USA"]
[BlackCountry "ARG"]
[WhiteElo "1745"]
[WhiteRD "46"]
[BlackElo "1753"]
[BlackRD "48"]
[GameID "349319"]

1. d4 c5 2. Nf3 e6 3. Bf4 cxd4 4. Nxd4 Bc5 5. e3 Bxd4 6. exd4 Nc6 7. c3 d5 8. Bb5 Qf6 9. Be5 Qg6 10. Bxc6+ bxc6
11. O-O f6 12. Bg3 Ne7 13. Nd2 Nf5 14. Bc7 O-O 15. Re1 Rf7 16. Bg3 Nxg3 17. fxg3 Bd7 18. Nf3 Re8 19. Qa4
1-0

[Event "Despedida"]
[Site "SchemingMind.com"]
[Date "2014.03.12"]
[Round "-"]
[White "emvarela"]
[Black "kenneth m day"]
[Result "1/2-1/2"]
[WhiteCountry "ARG"]
[BlackCountry "USA"]
[WhiteElo "1741"]
[WhiteRD "54"]
[BlackElo "1741"]
[BlackRD "52"]
[GameID "349320"]

1. e4 e5 2. Nf3 Nc6 3. d4 exd4 4. c3 d5 5. exd5 Qxd5 6. Nxd4 Nf6 7. Nxc6 Qxc6 8. Be3 Bd6 9. Nd2 O-O 10. Qf3 Bd7
11. Qxc6 Bxc6 12. f3 Rfe8 13. Kf2 Nd5 14. Bd4 Bf4 15. Ne4 f5 16. Ng3 g6 17. Bc4 b5 18. Bxd5+ Bxd5 19. Ne2 Bd6 20. b4 Bc4
21. Rhe1 a6 22. a3 h5 23. Be3 Re7 24. Bd4 Rae8 25. Ng3 h4 26. Nf1 Bxf1 27. Kxf1 Bxh2 28. Rxe7 Rxe7 29. Re1 Rxe1+ 30. Kxe1 Bg3+
31. Ke2 Kf7 32. Ke3 Ke6 33. f4 Kd5 34. Be5 c6 35. Kd3 c5 36. Bf6 c4+ 37. Ke3 Bh2 38. Bxh4 Bg1+ 39. Kf3 Bb6 40. Be1 a5=
1/2-1/2

[Event "Despedida"]
[Site "SchemingMind.com"]
[Date "2014.03.12"]
[Round "-"]
[White "kenneth m day"]
[Black "emvarela"]
[Result "1-0"]
[WhiteCountry "USA"]
[BlackCountry "ARG"]
[WhiteElo "1757"]
[WhiteRD "49"]
[BlackElo "1753"]
[BlackRD "48"]
[GameID "349321"]

1. e4 e5 2. Nf3 Nc6 3. c3 Nf6 4. d4 exd4 5. e5 Qe7 6. cxd4 Nd5 7. Nc3 Nxc3 8. bxc3 d6 9. Be2 dxe5 10. O-O exd4
11. cxd4 Qd6 12. Be3 Be6 13. Re1 Bd5 14. Qd2 Be7 15. Bf4
1-0

[Event "Despedida"]
[Site "SchemingMind.com"]
[Date "2014.03.17"]
[Round "-"]
[White "emvarela"]
[Black "SAMAEL"]
[Result "0-1"]
[WhiteCountry "ARG"]
[BlackCountry "CAN"]
[WhiteElo "1677"]
[WhiteRD "48"]
[BlackElo "1801"]
[BlackRD "58"]
[GameID "349324"]

1. e4 e5 2. Nf3 d6 3. d4 exd4 4. Nxd4 Nf6 5. Nc3 Bd7 6. Be3 Nc6 7. Nxc6 Bxc6 8. Bd3 Be7 9. O-O O-O 10. Qe2 Re8
11. Rad1 Qc8 12. Nd5 Kh8 13. Nxe7 Rxe7 14. f3 h6 15. Bd4 Nd7 16. f4 f6 17. Qg4 Nf8 18. Qxc8 Rxc8 19. b4 Bxe4 20. Bxe4 Rxe4
21. c3 Rce8 22. g3 Nd7 23. Rd2 b6 24. Rff2 Kg8 25. Kg2 R8e7 26. Rf3 Re2+ 27. Rxe2 Rxe2+ 28. Rf2 Rxf2+ 29. Kxf2 Kf7 30. Kf3 Ke6
31. c4 c5 32. Bc3 g6 33. b5 f5 34. a4 h5 35. h3 Nf6 36. Bxf6 Kxf6 37. g4 hxg4+ 38. hxg4 Ke6 39. g5 d5 40. Ke3 dxc4
0-1

[Event "Despedida"]
[Site "SchemingMind.com"]
[Date "2014.03.17"]
[Round "-"]
[White "SAMAEL"]
[Black "emvarela"]
[Result "0-1"]
[WhiteCountry "CAN"]
[BlackCountry "ARG"]
[WhiteElo "1752"]
[WhiteRD "56"]
[BlackElo "1766"]
[BlackRD "50"]
[GameID "349325"]

1. Nc3 d5 2. d4 Nf6 3. e3 e6 4. Nf3 c5 5. Be2 cxd4 6. exd4 Bb4 7. Bd2 Bxc3 8. Bxc3 O-O 9. O-O Nc6 10. h3 Bd7
11. Bd2 a6 12. a3 Re8 13. Re1 h6 14. Nh2 Nxd4 15. Kh1 Ne4 16. Be3 Nxe2 17. Qxe2 Bb5 18. Qd2 Nxd2
0-1

[Event "Despedida"]
[Site "SchemingMind.com"]
[Date "2014.03.13"]
[Round "-"]
[White "emvarela"]
[Black "elmar"]
[Result "0-1"]
[WhiteCountry "ARG"]
[BlackCountry "AZE"]
[WhiteElo "1753"]
[WhiteRD "48"]
[BlackElo "2061"]
[BlackRD "71"]
[GameID "349326"]

1. e4 e6 2. d4 d5 3. Nc3 Bb4 4. e5 c5 5. a3 Bxc3+ 6. bxc3 Ne7 7. Qg4 Qc7 8. Qxg7 Rg8 9. Qxh7 cxd4 10. Qd3 Qxe5+
11. Ne2 dxc3 12. Qb5+ Nbc6 13. Bf4 Qe4 14. O-O-O e5 15. Bg3 d4 16. Rd3 a6 17. Qa4 b5 18. Qb3 Be6 19. Qb1 Bc4 20. f3 Qh7
0-1

[Event "Despedida"]
[Site "SchemingMind.com"]
[Date "2014.03.12"]
[Round "-"]
[White "elmar"]
[Black "emvarela"]
[Result "1-0"]
[WhiteCountry "AZE"]
[BlackCountry "ARG"]
[WhiteElo "2061"]
[WhiteRD "71"]
[BlackElo "1753"]
[BlackRD "48"]
[GameID "349327"]

1. Nf3 d5 2. d4 Nf6 3. Bf4 e6 4. e3 Bd6 5. Nbd2 Bxf4 6. exf4 O-O 7. Ne5 Nbd7 8. Nb3 Nxe5 9. fxe5 Nd7 10. Qh5 g6
11. Qh6 f5 12. h4 Qe7 13. Qg5 Qxg5 14. hxg5 b6 15. Bb5 a6 16. Be2
1-0

[Event "Despedida"]
[Site "SchemingMind.com"]
[Date "2014.03.12"]
[Round "-"]
[White "emvarela"]
[Black "Chess_Romanticist"]
[Result "0-1"]
[WhiteCountry "ARG"]
[BlackCountry "SWE"]
[WhiteElo "1732"]
[WhiteRD "45"]
[BlackElo "2074"]
[BlackRD "89"]
[GameID "349328"]

1. e4 e6 2. d4 d5 3. Nc3 Bb4 4. a3 Bxc3+ 5. bxc3 dxe4 6. Qg4 Nf6 7. Qxg7 Rg8 8. Qh6 Rg6 9. Qe3 Nc6 10. h3 Nd5
11. Qd2 Qh4 12. g3 Rxg3 13. fxg3 Qxg3+ 14. Qf2 Qxc3+
0-1

[Event "Despedida"]
[Site "SchemingMind.com"]
[Date "2014.03.12"]
[Round "-"]
[White "Chess_Romanticist"]
[Black "emvarela"]
[Result "1-0"]
[WhiteCountry "SWE"]
[BlackCountry "ARG"]
[WhiteElo "2074"]
[WhiteRD "89"]
[BlackElo "1732"]
[BlackRD "45"]
[GameID "349329"]

1. e4 e5 2. Nf3 Nc6 3. Bb5 f5 4. Nc3 fxe4 5. Nxe4 d5 6. Nxe5 Qe7 7. d4 Bd7 8. Bxc6 Bxc6 9. Ng5 Nf6 10. O-O h6
11. Ng6
1-0